000 01057nam a2200253Ii 4500
003 JO-AjNU
005 20250722115638.0
008 230605s9999||||xx |||||||||||||| ||und||
017 _a2012/12/4645
020 _a978-9957-94-019-5
040 _aJO-AjNU
_bara
_erda
_cJO-AjNU
041 _aara
050 1 4 _aPQ6138 2013
100 3 _aأبو الشعر، عقيل؛ ترجمة عدنان عبد الحميد كاظم,
_eauthor
_948752
245 0 0 _aإرادة الله: رواية تاريخية عادات شرقية معاصرة وفظائع الاستبداد التركي في فلسطين /
_cتأليف عقيل ابو الشعر؛ ترجمة وملاحظات عدنان عبدالحميد كاظم
264 3 1 _aعمان: وزارة الثقافة، 2013
300 _a264ص
336 _atext
_btxt
_2rdacontent
337 _aunmediated
_bn
_2rdamedia
338 _avolume
_bnc
_2rdacarrier
490 0 _aمكتبة الاسرة الاردنية / مهرجان القراءة للجميع
650 4 _aالادب -
_948753
942 _2lcc
_cBK
999 _c24939
_d24939